| 000 | 00574nam a2200205Ia 4500 | ||
|---|---|---|---|
| 003 | GCL | ||
| 008 | 140319s9999 xx 000 0 eng d | ||
| 040 |
_aGCL / _cGCL |
||
| 082 | 0 | 4 |
_aCC _b930.1932 _bM I |
| 100 | 1 | _aFORMAN, WERNER | |
| 245 | 1 | 0 |
_aIN THE SHADOW OF THE PYRAMIDS EGYPT DURING THE OLD KINGDOM / _cFORMAN, WERNER |
| 700 | 1 | _aMALEK, JAROMIR | |
| 260 |
_a[S.N] : _bTHE AMERICAN UNIVERSITY IN CAIRO PRESS ، _c1986 |
||
| 300 | _a128 P | ||
| 650 | 0 | 4 | _aANCIENT EGYPT |
| 650 | 0 | 4 | _aHISTORY |
| 650 | 0 | 4 | _aPYRAMIDS |
| 650 | 0 | 4 | _aEGYPT - HISTORY |
| 942 |
_2ddc _cBK |
||
| 999 |
_c15849 _d15849 |
||